Física para estudiantes de ciencias e ingeniería

Spremljeno u:
Bibliografski detalji
Glavni autori: Resnick, Robert (Autor), Halliday, David (Autor)
Format: Knjiga
Jezik:španjolski
Izdano: Ciudad de México Continental 1961
Teme:
Oznake: Dodaj oznaku
Bez oznaka, Budi prvi tko označuje ovaj zapis!

MARC

LEADER 00000nam a2200000 a 4500
001 UCU3682
003 CL-VaPUC
008 960510e19610000MX |||||||||||||||||spa|d
082 0 4 |a 530  |b RES  |2 21 
100 0 |a Resnick, Robert  |e author  |9 320453 
700 0 |a Halliday, David  |e author  |9 320454 
245 1 0 |a Física para estudiantes de ciencias e ingeniería 
300 |a 2 v 
942 |c BK 
945 |d 19960510 00:00:00  |a paguirre 
260 |a Ciudad de México  |b Continental  |c 1961 
650 0 |a Física   |9 227844 
650 0 |a Vectores  |9 317184 
650 0 |a Movimiento  |9 322237 
650 0 |a Dinámica  |9 260136 
650 0 |a Estática  |9 260452 
650 0 |a Cinemática  |9 260942 
650 0 |a Energía   |9 259431 
650 7 |a CONSERVACION DE LA ENERGIA  |2 CL-VaPUC  |9 262923 
650 7 |a ELASTICIDAD  |2 CL-VaPUC  |9 266503 
650 7 |a TEMPERATURA  |2 CL-VaPUC  |9 360774 
650 0 |a Ondas sonoras  |9 322250 
650 0 |a Gases  |9 260945 
650 0 |a Cinética  |9 260943 
650 0 |a Termodinámica   |9 259320 
583 |a last modification  |c 20180731 17:32:41  |k Rodrigo Vera 
999 |c 247608  |d 247606 
952 |0 0  |1 0  |4 0  |6 530_000000000000000_RES_1961  |7 0  |8 A  |9 263636  |a BIBING  |b BIBING  |d 2019-11-19  |h v.1  |i 1672975  |o 530 RES 1961  |p 1672975  |r 2023-03-02  |w 2019-11-19  |y BK  |k ING